The valuation of licenced premises (Record no. 106958)
[ view plain ]
| 000 -LEADER | |
|---|---|
| fixed length control field | 00904cab a22002175a 4500 |
| 001 - CONTROL NUMBER | |
| control field | L137975 |
| 008 - FIXED-LENGTH DATA ELEMENTS--GENERAL INFORMATION | |
| fixed length control field | 070510e2007 xxk f 000 0 eng d |
| 035 ## - SYSTEM CONTROL NUMBER | |
| System control number | (Sirsi) u137975 |
| 041 0# - LANGUAGE CODE | |
| Language code of text/sound track or separate title | eng |
| 100 1# - MAIN ENTRY--PERSONAL NAME | |
| Personal name | Day, Howard |
| 245 04 - TITLE STATEMENT | |
| Title | The valuation of licenced premises |
| 260 ## - PUBLICATION, DISTRIBUTION, ETC. | |
| Date of publication, distribution, etc. | 2007 |
| 490 #0 - SERIES STATEMENT | |
| Series statement | Journal of Property Investment and Finance |
| Volume/sequential designation | 25(3) 2007, 306-321(16) |
| 520 ## - SUMMARY, ETC. | |
| Summary, etc. | Discusses the rationale and methodology applied to the valuation of licensed retail leisure property. Reports that profits based valuations continue to dominate the market, and that the process is complicated by legislative and regulatory changes. |
| 590 ## - LOCAL NOTE (RLIN) | |
| Local note | KA |
| 651 #4 - SUBJECT ADDED ENTRY--GEOGRAPHIC NAME | |
| Geographic name | United Kingdom |
| Chronological subdivision | |
| 690 ## - LOCAL SUBJECT ADDED ENTRY--TOPICAL TERM (OCLC, RLIN) | |
| Topical term or geographic name as entry element | PROPERTY-COMMERCIAL PROPERTY-LEISURE PROPERTY-REFRESHMENT AND CULINARY PROPERTY |
| 690 ## - LOCAL SUBJECT ADDED ENTRY--TOPICAL TERM (OCLC, RLIN) | |
| Topical term or geographic name as entry element | PROPERTY-PROPERTY VALUATION AND APPRAISAL-VALUATION ACCURACY |
| 700 1# - ADDED ENTRY--PERSONAL NAME | |
| Personal name | Kelton, Rupert |
| 942 ## - ADDED ENTRY ELEMENTS (KOHA) | |
| Suppress in OPAC | 0 |
| Withdrawn status | Lost status | Source of classification or shelving scheme | Damaged status | Not for loan | Home library | Current library | Shelving location | Date acquired | Total Checkouts | Full call number | Barcode | Date last seen | Copy number | Price effective from | Koha item type |
|---|---|---|---|---|---|---|---|---|---|---|---|---|---|---|---|
| Dewey Decimal Classification | London | London | Journal article | 10/05/2007 | L137975 | 137975-1001 | 06/08/2019 | 1 | 06/08/2019 | Journal article |